[Event "Douglas Livie mem email"]
[Site "Scotland"]
[Date "2004.06.14"]
[Round "?"]
[White "Berthelsen, Roald"]
[Black "Halme, Olavi"]
[Result "0-1"]
[WhiteElo "2180"]
[BlackElo "2240"]
[PlyCount "122"]
[EventDate "2004.06.14"]
[EventType "tourn (corr)"]
[EventRounds "12"]
[EventCountry "SCO"]
[SourceTitle "Corr 2008"]
[Source "ChessBase"]
[SourceDate "2008.06.24"]
[SourceVersion "1"]
[SourceVersionDate "2008.06.24"]
[SourceQuality "1"]

1. e4 e5 2. Nf3 Nf6 3. Nxe5 d6 4. Nxf7 Kxf7 5. d4 g6 6. Nc3 Be6 7. Be2 Bg7 8. f4 Re8 9. 0-0 Kg8 10. Bf3 c6 11. e5 Nfd7 12. Ne4 Bf8 13. Ng5 Bc4 14. Re1 Be7 15. b3 Bd5 16. Bxd5+ cxd5 17. Qf3 Nb6 18. Nxh7 Qc8 19. exd6 Bh4 20. Rxe8+ Qxe8 21. Bd2 Qf7 22. Ng5 Bxg5 23. fxg5 Qxf3 24. gxf3 Nc6 25. c3 Kf7 26. Kf2 Ke6 27. Bf4 Kd7 28. Kg3 Nc8 29. h4 Nxd6 30. Bxd6 Kxd6 31. Kg4 Rh8 32. Rh1 Rh5 33. Re1 Ne7 34. Re5 b5 35. f4 Rh8 36. a3 a6 37. b4 Rh7 38. Re2 Nf5 39. Rh2 Ke6 40. Re2+ Kf7 41. Rh2 Rh8 42. h5 Re8 43. h6 Re3 44. Rh3 Re8 45. Rh2 Kg8 46. Rh3 Re2 47. Rh1 Kh7 48. Kf3 Re3+ 49. Kf2 Rxc3 50. Re1 Rc2+ 51. Kf3 Rc3+ 52. Kf2 Rxa3 53. Rc1 Re3 54. Rc7+ Re7 55. Rc6 Ra7 56. Rc5 Rd7 57. Rc6 Nxd4 58. Rxa6 Nc2 59. Rb6 d4 60. Ke2 d3+ 61. Kd2 Ne3 0-1

[Event "Douglas Livie mem email"]
[Site "Scotland"]
[Date "2004.06.14"]
[Round "?"]
[White "Rawlings, Alan JC"]
[Black "Berthelsen, Roald"]
[Result "1-0"]
[WhiteElo "2254"]
[BlackElo "2180"]
[PlyCount "57"]
[EventDate "2004.06.14"]
[EventType "tourn (corr)"]
[EventRounds "12"]
[EventCountry "SCO"]
[SourceTitle "Corr 2008"]
[Source "ChessBase"]
[SourceDate "2008.06.24"]
[SourceVersion "1"]
[SourceVersionDate "2008.06.24"]
[SourceQuality "1"]

1. d4 Nf6 2. c4 g6 3. Nc3 Bg7 4. e4 d6 5. Nge2 0-0 6. Ng3 e5 7. d5 c6 8. Be2 cxd5 9. cxd5 Nbd7 10. h4 h5 11. Bg5 a6 12. a4 Qe8 13. a5 Rb8 14. Na4 b6 15. axb6 Nxb6 16. Nxb6 Rxb6 17. Qd2 Ng4 18. f3 f6 19. Qa5 Qd8 20. Bd2 Nh6 21. b4 Nf7 22. 0-0 Bh6 23. Bxh6 Nxh6 24. Rfc1 Bd7 25. Bxa6 Qb8 26. Rc4 Nf7 27. Rac1 Kg7 28. Kh2 Rd8 29. Bc8 1-0

[Event "IECC CL1-2002.04"]
[Site "IECC email"]
[Date "2002.03.11"]
[Round "?"]
[White "Brousek, Jiri"]
[Black "Berthelsen, Roald"]
[Result "1-0"]
[WhiteElo "2224"]
[BlackElo "2190"]
[PlyCount "51"]
[EventDate "2002.??.??"]
[EventType "tourn (corr)"]
[EventRounds "4"]
[SourceTitle "Corr 2008"]
[Source "ChessBase"]
[SourceDate "2008.06.24"]
[SourceVersion "1"]
[SourceVersionDate "2008.06.24"]
[SourceQuality "1"]

1. d4 d5 2. Nf3 Nf6 3. e3 g6 4. c4 c6 5. Nc3 Bg7 6. Be2 0-0 7. 0-0 dxc4 8. Bxc4 Bg4 9. h3 Bxf3 10. Qxf3 Nbd7 11. Rd1 e5 12. d5 e4 13. Nxe4 Ne5 14. Nxf6+ Bxf6 15. Qe2 Nxc4 16. Qxc4 cxd5 17. Rxd5 Qb6 18. Rb5 Qa6 19. e4 Rfe8 20. Rc5 Qxc4 21. Rxc4 Rac8 22. Rxc8 Rxc8 23. Be3 Rc4 24. f3 Rc2 25. Rd1 Rxb2 26. Bh6 1-0

[Event "Kopylov mem corr"]
[Site "RCCA corr"]
[Date "1999.??.??"]
[Round "?"]
[White "Berthelsen, Roald"]
[Black "Kovernikov, Boris Nikolaevich"]
[Result "1/2-1/2"]
[WhiteElo "2210"]
[BlackElo "2411"]
[PlyCount "33"]
[EventDate "1999.03.31"]
[EventType "tourn (corr)"]
[EventRounds "10"]
[EventCountry "RUS"]
[SourceTitle "Corr 2008"]
[Source "ChessBase"]
[SourceDate "2008.06.24"]
[SourceVersion "1"]
[SourceVersionDate "2008.06.24"]
[SourceQuality "1"]

1. e4 e5 2. Nf3 Nc6 3. Bb5 a6 4. Ba4 d6 5. 0-0 Bd7 6. d4 Nf6 7. Bxc6 Bxc6 8. Re1 Be7 9. Nc3 exd4 10. Nxd4 Bd7 11. Qf3 0-0 12. h3 Re8 13. Bg5 h6 14. Bh4 Nh7 15. Bxe7 Qxe7 16. Nd5 Qd8 17. Nf5 1/2-1/2